Knižničný zborník 1988

Na minha lista:
Detalhes bibliográficos
Formato: Livro
Idioma:eslovaco
Publicado em: Martin Matica slovenská 1988
Colecção:Teória a výskum
Tags: Adicionar Tag
Sem tags, seja o primeiro a adicionar uma tag!

MARC

LEADER 00000nam a2200000 4500
001 c035658
005 20260121101139.1
041 0 |a slo 
044 |a SK 
245 1 0 |a Knižničný zborník 1988  |c zost. Margita Buociková 
264 1 |a Martin  |b Matica slovenská  |c 1988 
300 |a 224 s. 
490 1 |a Teória a výskum 
830 0 |a Teória a výskum